Tymek - wszystkie utwory - Statystyki

Ogólne statystyki
  • Ten quiz został rozwiązany 133 razy
  • Średni wynik to 118 z 311
Statystyki odpowiedzi
Group Liczba wyświetleń feat. Nazwa utworu % Poprawnych
FIT 127 mln Big Scythe, Deys Anioły i Demony
92%
Klubowe 179 mln Big Scythe Język ciała
90%
FIT 123 mln Tede, Trill Pem Rainman
85%
Single 728 tys. Rainman / Garaż
85%
Popularne 5,1 mln Sophia Loren
80%
Klubowe 107 mln Poza kontrolą
77%
Piacevole 22 mln 80’s
75%
Single 57 mln MIYO Będzie lepiej
75%
Vestige EP 755 tys. Kacperczyk jeziorko
75%
Klubowe 44 mln Romans
70%
Klubowe 25 mln Wiatr Banalne
69%
Piacevole 10 mln Lekarstwo
67%
FIT 21 mln FLEXLIKEKEV, Qry Kłapią Gębą
66%
FIT 18 mln Oki, PlanBe Milion
66%
Single 31 mln Brodka, Urbanski Ostatni
66%
Piacevole 2,1 mln Tony Yoru Pomarańcze
66%
Single 23 mln Urbanski, Kuba Karaś Oczko w głowie
64%
Piacevole 2,2 mln Sarius Życie Artysty
64%
FIT 8,1 mln Kizo, Szpaku 94'
62%
feat 42 mln Filipek Dementor
62%
Piacevole 4,2 mln Tranquillo
62%
feat 28 mln Smolasty Tusz
62%
Piacevole 3 mln Mare
61%
Popularne 254 tys. Popularne
61%
Sono | Sono EP 10 mln Sarius Powietrze
61%
Klubowe 7,7 mln Bambax Amore
59%
Sono 1,4 mln Jestem
59%
Odrodzenie | Romantyk EP 58 tys. List
59%
Popularne 852 tys. Pleasure
59%
Sono 27 mln Semantyka
59%
Piacevole 6,2 mln Tabi
59%
Klubowe 6,4 mln Z ziemi włoskiej do Polski
59%
Piacevole 5,5 mln Coals Beautiful
57%
feat 13 mln PlanBe Czarne bluzy
57%
#Tymek2022 728 tys. Julia Wieniawa Ikona
57%
Klubowe 2,5 mln Interesy
57%
FIT 1,5 mln JestemTymek
57%
feat 37 mln Kizo Życie Jest Piękne
57%
feat 2,6 mln Szczyl Anastazja
56%
Popularne 1,3 mln Beethoven
56%
Popularne 398 tys. Haker
56%
Single 1 mln Klubowe 2
56%
Popularne 2,4 mln Kokaina
56%
Popularne 4,7 mln Marilyn Monroe
56%
Piacevole 5,8 mln Mimosa
56%
Klubowe 2 621 tys. Blazy
54%
Piacevole 762 tys. Gverilla Hendrix
54%
Piacevole 1,7 mln Holak Kultowe
54%
#Tymek2022 336 tys. Młody Milioner
54%
FIT 8,2 tys. Dryja Pesto
54%
FIT 24 mln Nabo Nassib Fonabo Radość
54%
Sono 3,4 mln Frosti Rege Tabletki
54%
Popularne 2,2 mln Cielo Blu
52%
FIT 7,4 mln Kizo, Stamir Diamentowe Serca
52%
Single 20 mln Kasta, Matheo Jak zostałem gangsterem
52%
Vestige EP 780 tys. Pawbeats język ciała 2020
52%
Klubowe 18 mln Klubowa Suka (Bonus Track)
52%
Acapulco (Seven Phoenix) 34 tys. Acapulco
51%
Odrodzenie | Romantyk EP 185 tys. Cudzysłów
51%
Popularne 1,8 mln Deweloper
51%
Klubowe 17 mln Jedyna
51%
Król życia EP | Odrodzenie 105 tys. Klakson
51%
Król życia EP | Odrodzenie 71 tys. Odurzony snem
51%
JestemTymek 7,2 mln Ona
51%
Popularne 1 mln Pa’lante
51%
Popularne 535 tys. Plastik
51%
#Tymek2022 1,5 mln Zadzwonię do Ciebie
51%
Popularne 707 tys. Frisbee
49%
feat 17 mln Szopeen Lolitka
49%
#Tymek2022 2 mln Pod gołym niebem
49%
Single 2,5 mln Lucassi Polska Ballada
49%
Single 102 tys. ADRENALINA
48%
Single 20 tys. Anna Wyszkoń, jako Seven Phoenix Agnieszka
48%
FIT 2,1 mln Jednym Wózkiem
48%
Niespokojna Dusza EP | Odrodzenie 35 tys. Lapidarium
48%
Vestige EP 82 tys. mrok
48%
zima 2022 1,1 tys. Plama
48%
Niespokojna Dusza EP | Odrodzenie 386 tys. Podążaj
48%
Król życia EP | Odrodzenie 78 tys. Pokrzywy
48%
Król życia EP | Odrodzenie 85 tys. Pończochy
48%
feat 15 mln Wiatr Slow Mo
48%
Sono 3,9 mln Toksyczne
48%
JestemTymek 377 tys. Daria Ryczek, Vixen 11:11
46%
Klubowe 1,9 mln Frosti, Pater Bajka
46%
FIT 8,2 tys. Biznes
46%
Odrodzenie | Romantyk EP 297 tys. Blizny
46%
#Tymek2022 356 tys. Ofelia Chcesz to ze mną bądź
46%
Sono | Sono EP 2,3 mln Skip Chmury
46%
Niespokojna Dusza EP | Odrodzenie 111 tys. Deszcz
46%
klubowe 2 bonus 50 tys. Drogie buty drogi bal
46%
Odrodzenie | Romantyk EP 125 tys. Mów mi tak
46%
Popularne 605 tys. Myszka Miki
46%
Klubowe 2 31 tys. Różowe słomki
46%
Piacevole 4,9 mln Syrop
46%
FIT 79 tys. Ecnavelo Valentino
46%
Single 1,4 mln Awich Aligator
44%
Single 43 tys. jako Seven Phoenix ANAKAO
44%
Single 51 tys. Natalia Grosiak, jako Seven Phoenix BROŃ CZERWONA
44%
Vestige EP 77 tys. busy
44%
Niespokojna Dusza EP | Odrodzenie 91 tys. Bywam ludzki
44%
Single 2,9 mln Pawbeats Chwilo trwaj
44%
Klubowe 2 167 tys. Do Ciebie
44%
JestemTymek 1 mln Idę
44%
Sono 13 tys. Przyłu Instaćpuny
44%
zima 2022 2,2 tys. Jeśli tego chcesz
44%
#Tymek2022 602 tys. Kolorowych snów
44%
Klubowe 1,1 mln Końcowe napisy
44%
JestemTymek 1,7 mln List do Ciebie
44%
Odrodzenie | Romantyk EP 162 tys. Marzę
44%
feat 2 mln Hania Miejsca z plakatu
44%
Piacevole 69 tys. Jerzyk Krzyżyk Nastrój
44%
Klubowe 2 59 tys. O o o o
44%
Popularne 532 tys. Pokemony
44%
zima 2022 1,9 tys. Proste
44%
Single 2,1 mln RELAJATE
44%
Renesans EP 6,8 tys. Ludzie Renesansu Renesans
44%
Sono 823 tys. Sztuka
44%
Single 61 tys. Szczyl, jako Seven Phoenix WSZYSTKO OK
44%
Odrodzenie | Romantyk EP 121 tys. Zabawmy się dziś w Boga
44%
Acapulco (Seven Phoenix) 20 tys. 42000
43%
zima 2022 1,1 tys. Dobro i zło
43%
Acapulco (Seven Phoenix) 18 tys. Eros
43%
Single 389 tys. Frunę
43%
Odrodzenie | Romantyk EP 108 tys. Jeden uśmiech Twój
43%
Acapulco (Seven Phoenix) 36 tys. nuka
43%
zima 2022 1,3 tys. Poezje
43%
feat 6,4 mln Kizo PS
43%
Król życia EP | Odrodzenie 83 tys. San Francisco
43%
Single 16 tys. Sen
43%
Vestige EP 902 tys. DJ Decks, Gverilla, Miły ATZ, Paluch 87bpm
41%
Single 134 tys. jako Seven Phoenix AEIOU
41%
Popularne 322 tys. After
41%
feat 12 mln Kartky detroit
41%
Single 2,3 mln Brennan Savage Hollow
41%
Single 5,4 mln Gedz Jaki chciałem być
41%
klubowe 2 bonus 20 tys. Klucz
41%
#Tymek2022 200 tys. Faustyna Maciejczuk Małe rzeczy
41%
Single 587 tys. Ruskov Molto Bene
41%
Single 13 tys. jako Seven Phoenix MUUD
41%
zima 2022 1,5 tys. Na ostatnim piętrze
41%
Król życia EP | Odrodzenie 69 tys. Naprzemianmieszane
41%
FIT 2,6 mln Bonson Nieśmiertelność
41%
Single 50 tys. Vito Bambino, jako Seven Phoenix PÓŹNE POPOŁUDNIE
41%
Vestige EP 79 tys. domani
39%
Single 132 tys. jako Seven Phoenix FOR U
39%
klubowe 2 bonus 12 tys. Już
39%
Niespokojna Dusza EP | Odrodzenie 45 tys. Nostalgia
39%
JestemTymek 374 tys. Ponton
39%
Sono 24 tys. Swetr
39%
JestemTymek 386 tys. Wachlarz
39%
Acapulco (Seven Phoenix) 21 tys. whichook
39%
Single 3,1 mln Bravi Ragazzi
38%
FIT 2,1 mln Trill Pem, Wac Toja Ciągle W Trasie
38%
Popularne 698 tys. Dziecko
38%
feat 1,2 mln Margaret Gelato
38%
Single 1,4 mln Rosalie. Jak ich tu pokochać
38%
zima 2022 2,2 tys. Podróże
38%
feat 164 tys. LXS Dyktafony
36%
FIT 3,4 mln Wac Toja Ecstasy
36%
JestemTymek 851 tys. Inny niż każdy
36%
Acapulco (Seven Phoenix) 17 tys. kompso
36%
feat 687 tys. Siles Kusza
36%
feat 46 tys. Barto Katt Ojojoj
36%
feat 6 mln Szpaku, Kubi Producent OVERHYPE9000
36%
feat 5,8 mln Kizo Rajaner
36%
Niespokojna Dusza EP | Odrodzenie 68 tys. Szczerze
36%
Single 69 tys. 2K WYCIECZKA
36%
Acapulco (Seven Phoenix) 13 tys. Byczq
34%
FIT 20 tys. Holak Dziwoląg
34%
Klubowe 85 tys. Jony, Sosad, Trill Pem Renesans 2.0 (Bonus Track)
34%
JestemTymek 8,4 mln Fejz SUKA (Bonus Track)
34%
feat 1,2 mln Lav' W inną stronę
34%
Vestige EP 88 tys. Sapi Tha King yin yang
34%
feat 319 tys. Magiera Balladka
33%
Klubowe 2 286 tys. Chcesz tego czy nie chcesz
33%
Single 337 tys. Chuj
33%
JestemTymek 40 tys. Droga
33%
Niespokojna Dusza EP | Odrodzenie 30 tys. Metafora
33%
feat 25 tys. 1988 Plecak
33%
FIT 11 tys. Skip Twarze
33%
FIT 2,8 mln Oki, Wac Toja Wokół Cieni
33%
Single 23 tys. jako Seven Phoenix 40 BERLIN
31%
Renesans EP 11 tys. Sosad 911
31%
JestemTymek 13 tys. Falapary
31%
Renesans EP 224 tys. Lelon Film
31%
feat 30 tys. Czarny HIFI Folia
31%
JestemTymek 375 tys. Kleszcz Muzyka łączy nas
31%
Single 7,2 tys. jako Seven Phoenix PLIKIFORSEN
31%
Sono | Sono EP 1,4 mln Sambo
31%
Król życia EP | Odrodzenie 108 tys. Trochę, trochę
31%
Single 513 tys. Zachwyt
31%
feat 3,2 mln Zeamsone Brudne myśli
30%
feat 2 mln Fresh N Dope Fresh N Dope Family Van
30%
JestemTymek 136 tys. Początek
30%
Klubowe 2 57 tys. Coś z niczego
28%
feat 46 tys. Deemz Dziki
28%
feat 104 tys. Fejz Faza
28%
Przystań Mixtape 12 tys. Kwiaty
28%
Single 30 tys. jako Seven Phoenix Likeus!
28%
feat 451 tys. Kleszcz Nie bój się
28%
Klubowe 2 44 tys. Produkuję Forsę
28%
Przystań Mixtape 7,8 tys. Przystań
28%
Sono 196 tys. Bierz
26%
feat 392 tys. Floral Bugs Moja Sztuka
26%
feat 2,6 mln Razgonov Na Dnie
26%
klubowe 2 bonus 32 tys. Nie odbieram
26%
Sono 231 tys. Nieznane
26%
Sono EP 483 tys. Frost U mnie się sypie układa
26%
Przystań Mixtape 25 tys. Zmiany
26%
Sono | Sono EP 496 tys. de_train Grzech
25%
Studnia wspomnień Mixtape 5,2 tys. Studnia wspomnień
25%
Single 3,8‎‎ tys. Familiada
23%
JestemTymek 51 tys. Kresbez
23%
Acapulco (Seven Phoenix) 12 tys. narasko
23%
Przystań Mixtape 8,3 tys. Niedosyt
23%
klubowe 2 bonus 18 tys. Nie tylko część
23%
feat 793 tys. Sarius Nie Zrozumiesz
23%
Single 2,3 tys. Esiu Siła nośna
23%
Przystań Mixtape 9,2 tys. Szczęki
23%
Przystań Mixtape - Tabu
23%
JestemTymek 88 tys. Yeah
23%
feat 1,5 mln Cooks, MR.G Dobry lot
21%
feat 9,9 mln DJ Frodo Dobry plan
21%
feat 2,1 mln Pokahontaz Kalendarze
21%
klubowe 2 bonus 29 tys. Lecę se po swoje
21%
Single 93 tys. Lucky day
21%
Single 48 tys. Niech żyje rap
21%
Renesans EP 293 tys. PABIS Otwieramy głowy
21%
Studnia wspomnień Mixtape 19 tys. Poranek
21%
feat 65 tys. Big Scythe Puzzle
21%
Przystań Mixtape 21 tys. Sens Słów
21%
Single 130 tys. Emoudy Sorry
21%
Studnia wspomnień Mixtape 1,7 tys. Wjk To nie czas
21%
feat 111 tys. Gverilla Ile Lat (Remix)
20%
Klubowe 2 24 tys. Raper
20%
Fszystko Fszędzie Mixtape 1,7 tys. Kruk Realia
20%
Klubowe 2 25 tys. Tak samo jak Ty
20%
Klubowe 2 25 tys. To nie my
20%
feat 122 tys. Holak Złoty chłopak
20%
feat 577 tys. Wac Toja, Matheo Czarne oczy (Chilaca)
18%
Renesans EP 695 tys. Trill Pem Harley Davidson
18%
klubowe 2 bonus 16 tys. Muszę iść
18%
klubowe 2 bonus 12 tys. Nie obchodzisz mnie
18%
Acapulco (Seven Phoenix) 21 tys. triphopolo vSOFT
18%
Renesans EP 5,3 tys. Jony Tryliony
18%
Popularne 283 tys. Il diavolo veste prada
16%
feat 3,3 tys. Esiu Kopę Lat
16%
Single 11 tys. Open mind
16%
Tymes Mixtape 412 Ester, Machu, Metel Tajemniczy ogród
16%
Sono EP 294 tys. Sosad Takie piękne nic
16%
Acapulco (Seven Phoenix) 15 tys. witchusse
16%
feat 133 tys. Frosti Rege Jak Nas
15%
Tymes Mixtape 784 Zabawa z majkiem
15%
JestemTymek 54 tys. Bliżej do sedna
13%
feat 525 tys. Szymi Szyms Tokio Drift
13%
Tymes Mixtape 1,8 tys. W zieleni
13%
Tymes Mixtape 525 10 stopni
11%
feat 142 tys. Tede, Sir Mich Jeeebać Łaków Remix
11%
feat 33 tys. Yappe Pustka
11%
feat 119 tys. Tede, Sir Mich Być Jak Wy
10%
Renesans EP 1 mln senti The End
10%
feat 13 tys. Grizzlee Złoty Środek
10%
Przystań Mixtape - Będziemy
8%
Klubowe 123 tys. Dolewam (Bonus Track)
8%
feat 1,8 tys. Esiu Nie/pokorny
7%
Przystań Mixtape 5,1 tys. Niepozornie proste
7%
feat 155 tys. Ząbek Oświecony
7%
Renesans EP 3,2 tys. Percept Wielu
7%
feat 8,8 tys. RAJDER D.N.T.D.
5%
Przystań Mixtape - Robot
5%
feat 204 tys. Vixen Antymetria
3%
feat 16 tys. JazBrothers Bomberman
3%
Tymes Mixtape 465 Ander, Machu, Metel, Micu Czasem tak bywa
3%
Tymes Mixtape 340 Jak to zawsze
3%
feat 6,2 tys. Ten Preston Marvel
3%
feat 528 Esiu Masa Ludzka
3%
feat - Bejf Mechanizm
3%
feat 1,5 tys. Kontrasty Moda na sukces
3%
feat 75 tys. Lemi Nie chciałem
3%
feat 2,6 tys. Chomik Veni Vidi Vici
3%
Tymes Mixtape 344 Widze
3%
feat 52 tys. Jony Ej mała
2%
JestemTymek 6,4 tys. Rakkaman Kryminał (Bonus Track)
2%
feat 18 tys. DJ Kebs, Sensi #krzysztofmajchrzak
2%
feat 163 tys. Bonson Mama Tried Hier Best
0%
Piacevole 25 tys. Mi Displace (Bonus Track)
0%
Nie znaleziono quizów pasujących do podanych kryteriów
Rozkład punktacji
Procent ludzi z każdym wynikiem
Percentyl według liczby udzielonych odpowiedzi
Twoja historia wyników
Nie rozwiązałeś tego quizu